[Event "Asia-ch Universities"]
[Site "Tagaytay City"]
[Date "2018.05.27"]
[Round "1"]
[White "Wang, Yiye"]
[Black "Mohd Kifflee, Awang Mohd Syafie"]
[Result "1-0"]
[WhiteElo "2443"]
[BlackElo "1842"]
[PlyCount "108"]
[EventDate "2018.05.27"]
[EventType "swiss"]
[EventRounds "9"]
[EventCountry "PHI"]
[SourceTitle "EXT 2019"]
[Source "ChessBase"]
[SourceDate "2018.10.10"]
[SourceVersion "1"]
[SourceVersionDate "2018.10.10"]
[SourceQuality "1"]

1. Nf3 d5 2. c4 c6 3. e3 Nf6 4. Nc3 e6 5. b3 Nbd7 6. Qc2 Bd6 7. Bb2 0-0 8. Be2 Re8 9. 0-0 e5 10. cxd5 Nxd5 11. Ne4 Bc7 12. Ng3 Nf8 13. a3 Ng6 14. d4 Qe7 15. Bd3 exd4 16. Bxd4 Bb6 17. Bb2 Bc7 18. Rfe1 Bg4 19. Nf5 Bxf5 20. Bxf5 Rad8 21. g3 Bb6 22. b4 c5 23. e4 Nc7 24. Qc3 f6 25. e5 Nxe5 26. Nxe5 fxe5 27. Qc4+ Qf7 28. Bxh7+ Kf8 29. Qc2 Re6 30. Bxe5 cxb4 31. Bf5 Rc6 32. Qe4 Rc5 33. Qf3 g6 34. Be4 Qxf3 35. Bxf3 Rd2 36. Re2 Rcc2 37. Kf1 b3 38. Rb1 Rd3 39. Be4 Rdd2 40. Rxd2 Rxd2 41. Rxb3 Rxf2+ 42. Ke1 Rf7 43. Rd3 Nb5 44. Rd5 Nxa3 45. Bd6+ Kg7 46. Bxa3 Bf2+ 47. Ke2 Bg1 48. h4 Rf2+ 49. Kd3 Ra2 50. Rd7+ Kf6 51. Bf8 Bf2 52. Bd5 Ra4 53. Bb3 Rg4 54. Bg7+ Kf5 1-0